<?xml version="1.0" encoding="UTF-8"?>
<record
    xmlns:xsi="http://www.w3.org/2001/XMLSchema-instance"
    xsi:schemaLocation="http://www.loc.gov/MARC21/slim http://www.loc.gov/standards/marcxml/schema/MARC21slim.xsd"
    xmlns="http://www.loc.gov/MARC21/slim">

  <leader>01927cam a22003014a 4500</leader>
  <datafield tag="952" ind1=" " ind2=" ">
    <subfield code="0">0</subfield>
    <subfield code="1">0</subfield>
    <subfield code="2">ddc</subfield>
    <subfield code="4">0</subfield>
    <subfield code="7">0</subfield>
    <subfield code="8">PSYCHOLOGY</subfield>
    <subfield code="a">MES</subfield>
    <subfield code="b">MES</subfield>
    <subfield code="c">PSYCHOLOGY</subfield>
    <subfield code="d">2021-09-08</subfield>
    <subfield code="e">35</subfield>
    <subfield code="g">880.00</subfield>
    <subfield code="l">10</subfield>
    <subfield code="m">11</subfield>
    <subfield code="o">305.231 BER/C</subfield>
    <subfield code="p">41191</subfield>
    <subfield code="r">2024-03-27 13:16:28</subfield>
    <subfield code="s">2024-03-05</subfield>
    <subfield code="t">1</subfield>
    <subfield code="v">880.00</subfield>
    <subfield code="w">2021-09-08</subfield>
    <subfield code="y">BK</subfield>
    <subfield code="z">GL45R2</subfield>
  </datafield>
  <datafield tag="952" ind1=" " ind2=" ">
    <subfield code="0">0</subfield>
    <subfield code="1">0</subfield>
    <subfield code="2">ddc</subfield>
    <subfield code="4">0</subfield>
    <subfield code="7">0</subfield>
    <subfield code="8">PSYCHOLOGY</subfield>
    <subfield code="a">MES</subfield>
    <subfield code="b">MES</subfield>
    <subfield code="c">PSYCHOLOGY</subfield>
    <subfield code="d">2021-09-08</subfield>
    <subfield code="e">35</subfield>
    <subfield code="g">880.00</subfield>
    <subfield code="l">17</subfield>
    <subfield code="m">21</subfield>
    <subfield code="o">305.231 BER/C</subfield>
    <subfield code="p">41192</subfield>
    <subfield code="r">2025-03-18 09:28:21</subfield>
    <subfield code="s">2025-03-04</subfield>
    <subfield code="t">2</subfield>
    <subfield code="v">880.00</subfield>
    <subfield code="w">2021-09-08</subfield>
    <subfield code="y">BK</subfield>
    <subfield code="z">GL45R2</subfield>
  </datafield>
  <datafield tag="999" ind1=" " ind2=" ">
    <subfield code="c">41353</subfield>
    <subfield code="d">41353</subfield>
  </datafield>
  <controlfield tag="001">17141632</controlfield>
  <controlfield tag="003">OSt</controlfield>
  <controlfield tag="005">20210818111726.0</controlfield>
  <controlfield tag="008">120130s2013    maua     b    001 0 eng  </controlfield>
  <datafield tag="010" ind1=" " ind2=" ">
    <subfield code="a">  2012003119</subfield>
  </datafield>
  <datafield tag="020" ind1=" " ind2=" ">
    <subfield code="a">9789332585201</subfield>
  </datafield>
  <datafield tag="020" ind1=" " ind2=" ">
    <subfield code="a">0205149766</subfield>
  </datafield>
  <datafield tag="040" ind1=" " ind2=" ">
    <subfield code="a">DLC</subfield>
    <subfield code="c">DLC</subfield>
    <subfield code="d">DLC</subfield>
  </datafield>
  <datafield tag="042" ind1=" " ind2=" ">
    <subfield code="a">pcc</subfield>
  </datafield>
  <datafield tag="050" ind1="0" ind2="0">
    <subfield code="a">HQ767.9</subfield>
    <subfield code="b">.B464 2013</subfield>
  </datafield>
  <datafield tag="082" ind1="0" ind2="0">
    <subfield code="a">305.231</subfield>
    <subfield code="2">23</subfield>
    <subfield code="b">BER/C</subfield>
  </datafield>
  <datafield tag="100" ind1="1" ind2=" ">
    <subfield code="a">Berk, Laura E.</subfield>
    <subfield code="9">8669</subfield>
  </datafield>
  <datafield tag="245" ind1="1" ind2="0">
    <subfield code="a">Child development /</subfield>
    <subfield code="c">Laura E. Berk.</subfield>
  </datafield>
  <datafield tag="250" ind1=" " ind2=" ">
    <subfield code="a">9th ed.</subfield>
  </datafield>
  <datafield tag="260" ind1=" " ind2=" ">
    <subfield code="a">Boston :</subfield>
    <subfield code="b">Pearson,</subfield>
    <subfield code="c">2013.</subfield>
  </datafield>
  <datafield tag="300" ind1=" " ind2=" ">
    <subfield code="a">1 v. (various pagings ) :</subfield>
    <subfield code="b">ill. (chiefly col.) ;</subfield>
    <subfield code="c">29 cm.</subfield>
  </datafield>
  <datafield tag="504" ind1=" " ind2=" ">
    <subfield code="a">Includes bibliographical references and indexes.</subfield>
  </datafield>
  <datafield tag="505" ind1="0" ind2=" ">
    <subfield code="a">A personal note to students -- Preface for instructors -- Theory and research in child development -- History, theory, and applied directions -- Research strategies -- Foundations of development -- Biological foundations, prenatal development, and birth -- Infancy : early learning, motor skills, and perceptual capacities -- Physical growth -- Cognitive and language development -- Cognitive development : piagetian, core knowledge, and vygotskian perspectives -- Cognitive development : an information-processing perspective -- Intelligence -- Language development -- Personality and social development -- Emotional development -- Self and social understanding -- Moral development -- Development of sex differences and gender roles -- Contexts for development -- The family -- Peers, media, and schooling -- Glossary G-1 -- References R-1 -- Name index NI-1 -- Subject index SI-1.</subfield>
  </datafield>
  <datafield tag="650" ind1=" " ind2="0">
    <subfield code="a">Child development.</subfield>
  </datafield>
  <datafield tag="906" ind1=" " ind2=" ">
    <subfield code="a">7</subfield>
    <subfield code="b">cbc</subfield>
    <subfield code="c">orignew</subfield>
    <subfield code="d">1</subfield>
    <subfield code="e">ecip</subfield>
    <subfield code="f">20</subfield>
    <subfield code="g">y-gencatlg</subfield>
  </datafield>
  <datafield tag="942" ind1=" " ind2=" ">
    <subfield code="2">ddc</subfield>
    <subfield code="c">BK</subfield>
    <subfield code="h">305.231</subfield>
    <subfield code="i">BER/C</subfield>
    <subfield code="k">305.231</subfield>
    <subfield code="m">BER/C</subfield>
  </datafield>
</record>
